Spot 50 space / (Record no. 9824)

MARC details
000 -LEADER
fixed length control field 01075nam a22002897a 4500
001 - CONTROL NUMBER
control field 9824
003 - CONTROL NUMBER IDENTIFIER
control field FISKH
005 - DATE AND TIME OF LATEST TRANSACTION
control field 20260302163102.0
008 - FIXED-LENGTH DATA ELEMENTS--GENERAL INFORMATION
fixed length control field 260302b cb ||||| |||| 00| 0 eng d
020 ## - INTERNATIONAL STANDARD BOOK NUMBER
International Standard Book Number 9781848109056
040 ## - CATALOGING SOURCE
Original cataloging agency FISKH
Language of cataloging eng
Transcribing agency FISKH
Modifying agency FISKH
082 ## - DEWEY DECIMAL CLASSIFICATION NUMBER
Classification number 520
100 ## - MAIN ENTRY--PERSONAL NAME
Personal name Becklake , Sue
245 ## - TITLE STATEMENT
Title Spot 50 space /
Statement of responsibility, etc. by Sue Becklake
250 ## - EDITION STATEMENT
Edition statement First published in 2012
260 ## - PUBLICATION, DISTRIBUTION, ETC.
Place of publication, distribution, etc. Essex , UK :
Name of publisher, distributor, etc. Miles Kelly ,
Date of publication, distribution, etc. 2012.
300 ## - PHYSICAL DESCRIPTION
Extent 56 pages :
Other physical details color illustrations ;
Dimensions 25 cm .
505 ## - FORMATTED CONTENTS NOTE
Formatted contents note R <br/>
520 ## - SUMMARY, ETC.
Summary, etc. These fantastic spotter's guides have 50 entries per book, divided into clear sections. Each entry is illustrated and accompanied by detailed labels, key information and a fact file. Clear, descriptive labels throughout Photographs or highly realistic illustrations make identification easy
521 8# - TARGET AUDIENCE NOTE
Target audience note 720 <br/>
Source Lexile <br/>
521 8# - TARGET AUDIENCE NOTE
Target audience note R <br/>
Source Raz-Plus <br/>
650 ## - SUBJECT ADDED ENTRY--TOPICAL TERM
Topical term or geographic name entry element Weather
Form subdivision Non-fiction
650 ## - SUBJECT ADDED ENTRY--TOPICAL TERM
Topical term or geographic name entry element Earth
Form subdivision Non-fiction
700 ## - ADDED ENTRY--PERSONAL NAME
Personal name Gallagher , Belinda
Relator term Publishing Director
942 ## - ADDED ENTRY ELEMENTS (KOHA)
Source of classification or shelving scheme Dewey Decimal Classification
Koha item type Books
Suppress in OPAC No
Holdings
Withdrawn status Lost status Source of classification or shelving scheme Damaged status Not for loan Collection Home library Current library Shelving location Date acquired Total Checkouts Full call number Barcode Date last seen Price effective from Koha item type
    Dewey Decimal Classification     Non-Fiction Footprints International School Library Network Toul Tom Poung Campus Footprints International School Library Network Toul Tom Poung Campus TTP Primary Orange Bookshelves 03/02/2026   BEC 520 FIS03957 03/02/2026 03/02/2026 Books